01505nam a2200349 4500001000400000003000400004005001700008008004100025022001300066040000800079041001300087082001700100100003600117240000800153245015200161260002900313300001700342490001800359520052000377650002400897650001900921650001300940650001300953650001300966655000800979655001600987700003601003700003301039700003301072700003201105830001801137284OSt20250528074017.0250317b |||||||j |||| 00| 1 eng d a01043242 bpor hitaapor a028.5bB712t1 aBonelli, Gian luigi.d1908-2001 aTex aTexbGuerra no povoado - n° 581 /cBonelli, G. L. ; Galleppini, A. ; Texto de Pasquale Ruju ; Desenho de Filippuci e Tradução de Paulo Guanaes aOuro PretobMythosc2018 a114 p.bil. 1 aTexvvol. 581 aTex n 581 Publicada originalmente em Tex (1958) n 681/2017 - Sergio Bonelli Editore Tex e seu filho Kit chegam ao povoado texano de Tabla Sagrada para prender os irmãos Forrester por terem matado o xerife de outra cidade. Mas no caminho para lá, pai e filho descobrem que um enorme bando de mexicanos está indo para Tabla Sagrada para matar os irmãos e arrasar a cidade. Então, eles terão que fazer uma insólita aliança com os Forresters para defender o povoado. Mas o que podem fazer 5 contra 50? 0aLiteratura italiana 0aInfantojuvenil 0aFaroeste 0aAventura 0aAção 0aHQs 0aFicção  aGalleppini, AeCoautorcCoautor aRuju, PasqualeeTextocTexto aFilippuccieDesenhocDesenho aPaulo GuanaeseTradução aTexvvol. 581